[Event "Mittelrhein Verbandsliga-O 1112"]
[Site "Germany"]
[Date "2012.02.05"]
[Round "6"]
[White "Boysen, Christopher"]
[Black "Dirschke, Philipp"]
[Result "1-0"]
[WhiteElo "1698"]
[BlackElo "1751"]
[PlyCount "58"]
[EventDate "2011.09.18"]
[EventType "team-tourn"]
[EventRounds "11"]
[EventCountry "GER"]
[SourceTitle "EXT 2013"]
[Source "ChessBase"]
[SourceDate "2012.11.22"]
[SourceVersion "1"]
[SourceVersionDate "2012.11.22"]
[SourceQuality "1"]
[WhiteTeam "Godesberg IV"]
[BlackTeam "Lohmar"]
[WhiteTeamCountry "GER"]
[BlackTeamCountry "GER"]

1. Nf3 c5 2. e3 d5 3. b3 Nf6 4. Bb2 Nc6 5. d3 Bf5 6. Be2 Qc7 7. Nbd2 e5 8. Nh4 Be6 9. e4 Rd8 10. exd5 Nxd5 11. Nc4 b5 12. Ne3 c4 13. bxc4 Bb4+ 14. Kf1 Nxe3+ 15. fxe3 bxc4 16. c3 cxd3 17. cxb4 dxe2+ 18. Qxe2 0-0 19. Rc1 Qb6 20. a3 e4 21. g3 Rd3 22. Kf2 Bg4 23. Qxg4 Qxe3+ 24. Kf1 Nd4 25. Re1 Qd2 26. Bxd4 Rxd4 27. Nf5 g6 28. Nxd4 f5 29. Qd1 Qc3 1-0

[Event "Bad Godesberg op 15th"]
[Site "Bad Godesberg"]
[Date "2011.07.24"]
[Round "2"]
[White "Boysen, Christopher"]
[Black "Schardt, Till"]
[Result "1-0"]
[WhiteElo "1698"]
[BlackElo "1323"]
[PlyCount "111"]
[EventDate "2011.07.23"]
[EventType "swiss"]
[EventRounds "9"]
[EventCountry "GER"]
[SourceTitle "EXT 2017"]
[Source "ChessBase"]
[SourceDate "2016.10.25"]
[SourceVersion "1"]
[SourceVersionDate "2016.10.25"]
[SourceQuality "1"]

1. Nf3 Nc6 2. d4 d5 3. e3 Bf5 4. c4 e6 5. Nc3 Bb4 6. a3 Bxc3+ 7. bxc3 Nf6 8. Qb3 b6 9. cxd5 Qxd5 10. Bc4 Qe4 11. Qa4 0-0 12. 0-0 Bh3 13. Ne1 Bf5 14. f3 Qh4 15. Qxc6 Rac8 16. Bd3 Bxd3 17. Nxd3 Nd5 18. e4 Ne7 19. Qa4 a5 20. Qc2 Rfd8 21. Be3 Rd7 22. Rad1 Qf6 23. Qc1 h6 24. Nf2 g5 25. Ng4 Qg7 26. Ne5 Rd6 27. Ng4 f5 28. e5 Rdd8 29. Nf6+ Kf7 30. h4 f4 31. Bf2 Nf5 32. Nh5 Qg6 33. Nxf4 gxf4 34. Qxf4 Rg8 35. g4 Rcf8 36. h5 Qg5 37. Qxg5 Rxg5 38. Kh2 Ke8 39. Kh3 Ne7 40. Be3 Rgg8 41. Bxh6 Rf7 42. Bd2 Nd5 43. c4 Nf4+ 44. Bxf4 Rxf4 45. Kg3 Rf5 46. Kh3 Rf7 47. Rf2 Rgf8 48. Rd3 Rd7 49. Kg3 Ke7 50. f4 c5 51. Rfd2 cxd4 52. Rxd4 Rxd4 53. Rxd4 Rc8 54. Kh4 Rg8 55. a4 Rg7 56. Rd6 1-0